स्वर्णिम भारत के स्तम्भः (Record no. 215579)

MARC details
000 -LEADER
fixed length control field 00717nam a22001697a 4500
005 - DATE AND TIME OF LATEST TRANSACTION
control field 20260313105058.0
010 ## - LCCN (DPL NO)
LC control number BACHN26
020 ## - INTERNATIONAL STANDARD BOOK NUMBER
International Standard Book Number 9789359475851
Terms of availability 300.00
037 ## - SOURCE OF ACQUISITION
Source of stock number/acquisition साहित्यगार
082 ## - DEWEY DECIMAL CLASSIFICATION NUMBER
Edition number 1
Classification number 921
100 ## - MAIN ENTRY--PERSONAL NAME
Personal name त्रिपाठी,आनन्दप्रकाश रत्नेश
245 ## - TITLE STATEMENT
Title स्वर्णिम भारत के स्तम्भः
Remainder of title महापुरूषों की अमरगाथा
250 ## - EDITION STATEMENT
Edition statement 1
260 ## - PUBLICATION, DISTRIBUTION, ETC. (IMPRINT)
Name of publisher, distributor, etc साहित्यगार
Date of publication, distribution, etc 2025
Place of publication, distribution, etc जयपुर
300 ## - PHYSICAL DESCRIPTION
Extent 144पृ.
Dimensions 23 सेमी(साजिल्द)
Other physical details सचित्र
942 ## - ADDED ENTRY ELEMENTS (KOHA)
Source of classification or shelving scheme Dewey Decimal Classification
Call number suffix त्रिपाठी
Item type Hindi Books
Classification part 921

No items available.


© Delhi Public Library
Hit Counter
free hit counter